Original sin : (Record no. 751333)

MARC details
000 -LEADER
fixed length control field 00402nam a22001337a 4500
020 ## - INTERNATIONAL STANDARD BOOK NUMBER
ISBN 9789362132789
082 ## - DEWEY DECIMAL CLASSIFICATION NUMBER
Classification number 956.94 JOH/O
100 ## - MAIN ENTRY--AUTHOR NAME
Personal name Johny, Stanly
245 10 - TITLE STATEMENT
Title Original sin :
Statement of responsibility, etc Israel , Palestine and the revenge of old West Asia/
Sub Title by Stanly Johny
260 ## - PUBLICATION, DISTRIBUTION, ETC. (IMPRINT)
Place of publication . - Haryana
Name of publisher : Harper Collins Publishers
Year of publication , 2024
300 ## - PHYSICAL DESCRIPTION
Number of Pages xix+227 pages
942 ## - ADDED ENTRY ELEMENTS (KOHA)
Source of classification or shelving scheme Dewey Decimal Classification
Koha item type Book
Holdings
Withdrawn status Lost status Source of classification or shelving scheme Damaged status Not for loan Home Library Current Location Date acquired Full call number Accession Number Price effective from Koha item type
    Dewey Decimal Classification     Dept. of Political Science Dept. of Political Science 01/03/2025 956.94 JOH/O POL23772 12/09/2025 Book